Understanding India and Health & Wellness/ (Record no. 11600)
[ view plain ]
| 000 -LEADER | |
|---|---|
| fixed length control field | 00812nam a22002777a 4500 |
| 005 - DATE AND TIME OF LATEST TRANSACTION | |
| control field | 20230825163501.0 |
| 008 - FIXED-LENGTH DATA ELEMENTS--GENERAL INFORMATION | |
| fixed length control field | 230825b ||||| |||| 00| 0 eng d |
| 020 ## - INTERNATIONAL STANDARD BOOK NUMBER | |
| International Standard Book Number | 9789358490220 |
| 020 ## - INTERNATIONAL STANDARD BOOK NUMBER | |
| International Standard Book Number | 9789358490237 |
| 040 ## - CATALOGING SOURCE | |
| Original cataloging agency | IN-DiNC |
| Transcribing agency | IN-DiNC |
| 041 ## - LANGUAGE CODE | |
| Language code of sung or spoken text | English |
| 082 ## - DEWEY DECIMAL CLASSIFICATION NUMBER | |
| Classification number | 954 |
| Item number | SAR |
| 100 ## - MAIN ENTRY--PERSONAL NAME | |
| Personal name | Sarker, Tanusree |
| Relator term | Author |
| 245 ## - TITLE STATEMENT | |
| Title | Understanding India and Health & Wellness/ |
| Statement of responsibility, etc. | By Tanusree Sarker, Bidisha Mahanta and others |
| 250 ## - EDITION STATEMENT | |
| Edition statement | 1st ed. |
| 260 ## - PUBLICATION, DISTRIBUTION, ETC. | |
| Place of publication, distribution, etc. | Dibrugarh: |
| Name of publisher, distributor, etc. | Banalata, |
| Date of publication, distribution, etc. | 2023. |
| 300 ## - PHYSICAL DESCRIPTION | |
| Extent | 151p. |
| 650 ## - SUBJECT ADDED ENTRY--TOPICAL TERM | |
| Topical term or geographic name entry element | Bharatbarsha |
| 650 ## - SUBJECT ADDED ENTRY--TOPICAL TERM | |
| Topical term or geographic name entry element | Mind, body and well being |
| 700 ## - ADDED ENTRY--PERSONAL NAME | |
| Personal name | Das, Kakali |
| Relator term | Author |
| 700 ## - ADDED ENTRY--PERSONAL NAME | |
| Personal name | Rajkumari, Tinamoni |
| Relator term | Author |
| 700 ## - ADDED ENTRY--PERSONAL NAME | |
| Personal name | Mahanta, Bidisha |
| Relator term | Author |
| 700 ## - ADDED ENTRY--PERSONAL NAME | |
| Personal name | Hazarika, Lima |
| Relator term | Author |
| 700 ## - ADDED ENTRY--PERSONAL NAME | |
| Personal name | Mahanta, Bikashita |
| Relator term | Author |
| 942 ## - ADDED ENTRY ELEMENTS (KOHA) | |
| Source of classification or shelving scheme | Dewey Decimal Classification |
| Koha item type | Books |
| Withdrawn status | Lost status | Source of classification or shelving scheme | Damaged status | Not for loan | Collection code | Home library | Current library | Shelving location | Date acquired | Cost, normal purchase price | Total Checkouts | Full call number | Barcode | Date last seen | Date last checked out | Copy number | Price effective from | Koha item type |
|---|---|---|---|---|---|---|---|---|---|---|---|---|---|---|---|---|---|---|
| Dewey Decimal Classification | History | Central Library, Naharkatiya College | Central Library, Naharkatiya College | General Stacks | 25/08/2023 | 180.00 | 4 | 954 SAR | 29697 | 22/11/2025 | 08/11/2025 | 1 | 25/08/2023 | Books | ||||
| Dewey Decimal Classification | History | Central Library, Naharkatiya College | Central Library, Naharkatiya College | General Stacks | 25/08/2023 | 180.00 | 4 | 954 SAR | 29698 | 19/09/2025 | 04/09/2025 | 2 | 25/08/2023 | Books | ||||
| Dewey Decimal Classification | History | Central Library, Naharkatiya College | Central Library, Naharkatiya College | General Stacks | 25/08/2023 | 180.00 | 4 | 954 SAR | 29699 | 17/12/2024 | 19/11/2024 | 3 | 25/08/2023 | Books | ||||
| Dewey Decimal Classification | History | Central Library, Naharkatiya College | Central Library, Naharkatiya College | General Stacks | 13/05/2024 | 200.00 | 7 | 954 SAR | 30013 | 17/11/2025 | 04/11/2025 | 4 | 13/05/2024 | Books |
